[Event "Helsinki We EtVaS A"]
[Site "Helsinki"]
[Date "2016.05.29"]
[Round "5.6"]
[White "Keskinen, Lauri"]
[Black "Sorvari, Jarmo"]
[Result "1/2-1/2"]
[WhiteElo "2153"]
[BlackElo "2056"]
[PlyCount "36"]
[EventDate "2016.05.27"]
[EventType "swiss"]
[EventRounds "5"]
[EventCountry "FIN"]
[SourceTitle "EXT 2022"]
[Source "ChessBase"]
[SourceDate "2021.10.06"]
[SourceVersion "1"]
[SourceVersionDate "2021.10.06"]
[SourceQuality "1"]

1. d4 Nf6 2. c4 e6 3. Nf3 Bb4+ 4. Nbd2 0-0 5. e3 Re8 6. Bd3 d5 7. 0-0 b6 8. a3 Bf8 9. b4 c5 10. bxc5 bxc5 11. cxd5 exd5 12. dxc5 Bxc5 13. Qc2 Bd6 14. Bb2 h6 15. Nd4 a6 16. Nf5 Bf8 17. Rac1 Nbd7 18. Be2 Nc5 1/2-1/2

[Event "Helsinki We HSK 130v A"]
[Site "Helsinki"]
[Date "2016.05.15"]
[Round "4"]
[White "Keskinen, Lauri"]
[Black "Rauramaa, Kari"]
[Result "1-0"]
[WhiteElo "2153"]
[BlackElo "2185"]
[PlyCount "69"]
[EventDate "2016.05.13"]
[EventType "swiss"]
[EventRounds "5"]
[EventCountry "FIN"]
[SourceTitle "EXT 2022"]
[Source "ChessBase"]
[SourceDate "2021.10.06"]
[SourceVersion "1"]
[SourceVersionDate "2021.10.06"]
[SourceQuality "1"]

1. d4 Nf6 2. c4 g6 3. Nc3 d5 4. Bg5 Ne4 5. Bh4 Nxc3 6. bxc3 Bg7 7. e3 c5 8. Nf3 Qa5 9. Qd2 cxd4 10. cxd4 Qxd2+ 11. Kxd2 dxc4 12. Bxc4 Nc6 13. Rab1 e6 14. Rhc1 Na5 15. Bb5+ Bd7 16. Rc7 Bxb5 17. Rxb5 b6 18. Re7+ Kf8 19. Rc7 Kg8 20. Rb1 h6 21. Be7 Kh7 22. Bb4 Rhb8 23. Rxf7 Nc4+ 24. Kd3 b5 25. Bc5 a6 26. Re7 Re8 27. Rxe8 Rxe8 28. Nd2 Na5 29. Bb6 Nc6 30. Bc5 Rb8 31. f4 Kg8 32. Ne4 a5 33. a3 Bf8 34. Nf6+ Kf7 35. Nd7 1-0

[Event "Helsinki We HSK 130v A"]
[Site "Helsinki"]
[Date "2016.05.14"]
[Round "3"]
[White "Parkkinen, Jyrki"]
[Black "Keskinen, Lauri"]
[Result "1/2-1/2"]
[WhiteElo "2134"]
[BlackElo "2153"]
[PlyCount "89"]
[EventDate "2016.05.13"]
[EventType "swiss"]
[EventRounds "5"]
[EventCountry "FIN"]
[SourceTitle "EXT 2022"]
[Source "ChessBase"]
[SourceDate "2021.10.06"]
[SourceVersion "1"]
[SourceVersionDate "2021.10.06"]
[SourceQuality "1"]

1. c4 c6 2. b3 d5 3. Bb2 Nf6 4. g3 Bf5 5. Nf3 e6 6. Bg2 h6 7. 0-0 Be7 8. d3 0-0 9. Nbd2 a5 10. a3 Nbd7 11. Qc2 Bg6 12. Rfb1 Qb8 13. e4 dxe4 14. dxe4 Rd8 15. b4 axb4 16. axb4 Rxa1 17. Bxa1 Ng4 18. c5 Bf6 19. h3 Bxa1 20. Rxa1 Nge5 21. Nh4 Nf8 22. f4 Ned7 23. Nxg6 Nxg6 24. Nc4 Ne7 25. Rd1 Nf6 26. Rd6 Ne8 27. Rxd8 Qxd8 28. Nd6 b5 29. e5 Nc7 30. f5 exf5 31. Nxf5 Nxf5 32. Qxf5 Qd4+ 33. Kh2 Ne6 34. Bxc6 Qxb4 35. Be8 Qd2+ 36. Kh1 Qd5+ 37. Kh2 Nxc5 38. Bxb5 Qd2+ 39. Kg1 Qc1+ 40. Bf1 Qe3+ 41. Kh2 g6 42. Qf4 Qxf4 43. gxf4 g5 44. Kg3 Kg7 45. Kg4 1/2-1/2

[Event "Helsinki We HSK III Talviturnaus"]
[Site "Helsinki"]
[Date "2016.01.30"]
[Round "3"]
[White "Kugappi, Tomi"]
[Black "Keskinen, Lauri"]
[Result "0-1"]
[WhiteElo "1871"]
[BlackElo "2166"]
[PlyCount "60"]
[EventDate "2016.01.29"]
[EventType "swiss"]
[EventRounds "5"]
[EventCountry "FIN"]
[SourceTitle "EXT 2022"]
[Source "ChessBase"]
[SourceDate "2021.10.06"]
[SourceVersion "1"]
[SourceVersionDate "2021.10.06"]
[SourceQuality "1"]

1. e4 e6 2. d4 d5 3. exd5 exd5 4. Bd3 Nf6 5. h3 Bd6 6. Qf3 0-0 7. Ne2 c6 8. 0-0 Re8 9. c3 Nbd7 10. Bf4 Bxf4 11. Nxf4 Ne4 12. Bxe4 dxe4 13. Qe3 Nf6 14. c4 Qb6 15. b3 h6 16. Nc3 g5 17. Nfe2 Bf5 18. f3 Bg6 19. f4 gxf4 20. Nxf4 Kg7 21. Nce2 Rad8 22. Rad1 Qa5 23. h4 Ng4 24. Qg3 h5 25. Nxg6 fxg6 26. b4 Qxb4 27. c5 Rd7 28. Qf4 Qc4 29. Rde1 e3 30. Qg5 Qd5 0-1

[Event "Helsinki We HSK III Talviturnaus"]
[Site "Helsinki"]
[Date "2016.01.29"]
[Round "1"]
[White "Hurme, Harri M"]
[Black "Keskinen, Lauri"]
[Result "1/2-1/2"]
[WhiteElo "2201"]
[BlackElo "2166"]
[PlyCount "103"]
[EventDate "2016.01.29"]
[EventType "swiss"]
[EventRounds "5"]
[EventCountry "FIN"]
[SourceTitle "EXT 2022"]
[Source "ChessBase"]
[SourceDate "2021.10.06"]
[SourceVersion "1"]
[SourceVersionDate "2021.10.06"]
[SourceQuality "1"]

1. d4 d5 2. c4 c6 3. cxd5 cxd5 4. Nc3 Nf6 5. Bf4 Nc6 6. e3 Bg4 7. Qb3 Qd7 8. h3 Bf5 9. Nf3 e6 10. Ne5 Qc8 11. Bb5 Nd7 12. Rc1 Ndxe5 13. Bxe5 f6 14. Bh2 Be7 15. 0-0 0-0 16. Na4 Qd7 17. Nc5 Bxc5 18. Rxc5 Rfc8 19. Rfc1 Bg6 20. Qc3 Be8 21. b4 a6 22. Ba4 b5 23. Bb3 Na7 24. f3 Rxc5 25. bxc5 Nc6 26. Rd1 Qd8 27. e4 Bf7 28. exd5 exd5 29. Re1 Qd7 30. g4 Re8 31. Bg3 Rxe1+ 32. Bxe1 Qe6 33. Kf2 Bg6 34. Qe3 Qxe3+ 35. Kxe3 Bf7 36. h4 Kf8 37. h5 h6 38. Bc2 Ne7 39. a4 Be8 40. axb5 Bxb5 41. Bg3 Kf7 42. Bd6 Bc4 43. f4 Nc8 44. Bg6+ Kg8 45. Bc7 Ne7 46. Be8 Bb5 47. Bxb5 axb5 48. f5 Kf7 49. Kd3 Nc6 50. Bf4 Ke7 51. Be3 Kf7 52. Bf4 1/2-1/2

[Event "Helsinki mestaruus M 2016"]
[Site "Helsinki"]
[Date "2016.01.06"]
[Round "9"]
[White "Hallman, Valo"]
[Black "Keskinen, Lauri"]
[Result "1-0"]
[WhiteElo "2100"]
[BlackElo "2166"]
[PlyCount "51"]
[EventDate "2015.12.28"]
[EventType "tourn"]
[EventRounds "9"]
[EventCountry "FIN"]
[SourceTitle "EXT 2022"]
[Source "ChessBase"]
[SourceDate "2021.10.06"]
[SourceVersion "1"]
[SourceVersionDate "2021.10.06"]
[SourceQuality "1"]

1. c4 c6 2. e4 d5 3. cxd5 cxd5 4. exd5 Nf6 5. Nc3 Nxd5 6. d4 e6 7. Nf3 Nc6 8. Bd3 Be7 9. 0-0 0-0 10. Re1 g6 11. Bh6 Re8 12. Be4 b6 13. Ne5 Bb7 14. Nxf7 Kxf7 15. Nxd5 Kg8 16. Nxe7+ Qxe7 17. d5 Nd8 18. d6 Qd7 19. Bxb7 Nxb7 20. Qd4 Rac8 21. Rac1 Rc5 22. Rxc5 bxc5 23. Qe5 Nxd6 24. Rd1 Nc4 25. Qe2 Qb5 26. Rd8 1-0

[Event "Helsinki We LauttSK"]
[Site "Helsinki"]
[Date "2015.10.24"]
[Round "2"]
[White "Keskinen, Lauri"]
[Black "Auvinen, Esa"]
[Result "0-1"]
[WhiteElo "2166"]
[BlackElo "1969"]
[PlyCount "82"]
[EventDate "2015.10.23"]
[EventType "swiss"]
[EventRounds "5"]
[EventCountry "FIN"]
[SourceTitle "EXT 2022"]
[Source "ChessBase"]
[SourceDate "2021.10.06"]
[SourceVersion "1"]
[SourceVersionDate "2021.10.06"]
[SourceQuality "1"]

1. d4 Nf6 2. c4 e6 3. Nf3 d5 4. Nc3 Be7 5. Bg5 0-0 6. e3 c6 7. cxd5 cxd5 8. Bd3 b6 9. Ne5 Bb7 10. 0-0 Nbd7 11. f4 Ne4 12. Bxe7 Qxe7 13. Rc1 Rfc8 14. Nxe4 dxe4 15. Bc4 Bd5 16. Qe2 f5 17. a3 Nxe5 18. fxe5 Bxc4 19. Rxc4 Rc7 20. Rfc1 Rac8 21. b4 Qd7 22. a4 h6 23. h3 Kf8 24. Kh2 g5 25. R1c3 Kf7 26. b5 Rxc4 27. Rxc4 Rxc4 28. Qxc4 f4 29. Qe2 Kf8 30. Qf2 Qf7 31. Kg1 Kg7 32. Qe2 fxe3 33. Qxe3 Qf4 34. Qxf4 gxf4 35. g4 fxg3 36. Kg2 Kg6 37. Kxg3 Kf5 38. h4 h5 39. Kf2 Kf4 40. Ke2 e3 41. Kd3 Kf3 0-1